<?xml version="1.0" encoding="UTF-8"?>
<record
    xmlns:xsi="http://www.w3.org/2001/XMLSchema-instance"
    xsi:schemaLocation="http://www.loc.gov/MARC21/slim http://www.loc.gov/standards/marcxml/schema/MARC21slim.xsd"
    xmlns="http://www.loc.gov/MARC21/slim">

  <leader>00595nam a22001817a 4500</leader>
  <datafield tag="999" ind1=" " ind2=" ">
    <subfield code="c">17819</subfield>
    <subfield code="d">17819</subfield>
  </datafield>
  <controlfield tag="008">190706b        xxu||||| |||| 00| 0 eng d</controlfield>
  <datafield tag="020" ind1=" " ind2=" ">
    <subfield code="a">1292022337</subfield>
  </datafield>
  <datafield tag="040" ind1=" " ind2=" ">
    <subfield code="a">KABU</subfield>
    <subfield code="c">KABU</subfield>
  </datafield>
  <datafield tag="050" ind1=" " ind2=" ">
    <subfield code="a">HD62.15</subfield>
    <subfield code="b">.G64 2014 c. 1</subfield>
  </datafield>
  <datafield tag="100" ind1=" " ind2=" ">
    <subfield code="a">Goetsch, David L.</subfield>
  </datafield>
  <datafield tag="245" ind1=" " ind2=" ">
    <subfield code="a">Quality management for organizational excellence</subfield>
    <subfield code="b">introduction to total quality</subfield>
    <subfield code="c">David L. Goetsch, Stanley Davis</subfield>
  </datafield>
  <datafield tag="250" ind1=" " ind2=" ">
    <subfield code="a">7th ed.</subfield>
  </datafield>
  <datafield tag="260" ind1=" " ind2=" ">
    <subfield code="a">Essex, England</subfield>
    <subfield code="b">Pearson Education Limited</subfield>
    <subfield code="c">2014</subfield>
  </datafield>
  <datafield tag="300" ind1=" " ind2=" ">
    <subfield code="a">ii, 468 p.</subfield>
  </datafield>
  <datafield tag="650" ind1=" " ind2=" ">
    <subfield code="2">Total quality management</subfield>
  </datafield>
  <datafield tag="700" ind1=" " ind2=" ">
    <subfield code="a">Davis, Stanley</subfield>
  </datafield>
  <datafield tag="942" ind1=" " ind2=" ">
    <subfield code="2">lcc</subfield>
    <subfield code="c">BK</subfield>
    <subfield code="h">HD62.15</subfield>
  </datafield>
  <datafield tag="952" ind1=" " ind2=" ">
    <subfield code="0">0</subfield>
    <subfield code="1">0</subfield>
    <subfield code="2">lcc</subfield>
    <subfield code="7">0</subfield>
    <subfield code="a">KABU</subfield>
    <subfield code="b">KABU</subfield>
    <subfield code="d">2019-07-06</subfield>
    <subfield code="g">16360.00</subfield>
    <subfield code="l">0</subfield>
    <subfield code="o">HD62.15 .G64 2014 c. 1</subfield>
    <subfield code="p">023554</subfield>
    <subfield code="r">2024-08-02 00:00:00</subfield>
    <subfield code="t">c. 1</subfield>
    <subfield code="w">2019-07-06</subfield>
    <subfield code="y">BK</subfield>
  </datafield>
  <datafield tag="952" ind1=" " ind2=" ">
    <subfield code="0">0</subfield>
    <subfield code="1">0</subfield>
    <subfield code="2">lcc</subfield>
    <subfield code="7">0</subfield>
    <subfield code="a">KABU</subfield>
    <subfield code="b">KABU</subfield>
    <subfield code="d">2019-07-06</subfield>
    <subfield code="g">16360.00</subfield>
    <subfield code="l">0</subfield>
    <subfield code="o">HD62.15 .G64 2014 c. 2</subfield>
    <subfield code="p">023555</subfield>
    <subfield code="r">2024-08-02 00:00:00</subfield>
    <subfield code="t">c. 2</subfield>
    <subfield code="w">2019-07-06</subfield>
    <subfield code="y">BK</subfield>
  </datafield>
  <datafield tag="952" ind1=" " ind2=" ">
    <subfield code="0">0</subfield>
    <subfield code="1">0</subfield>
    <subfield code="2">lcc</subfield>
    <subfield code="7">0</subfield>
    <subfield code="a">KABU</subfield>
    <subfield code="b">KABU</subfield>
    <subfield code="d">2019-07-06</subfield>
    <subfield code="g">16360.00</subfield>
    <subfield code="l">0</subfield>
    <subfield code="o">HD62.15 .G64 2014 c. 3</subfield>
    <subfield code="p">023556</subfield>
    <subfield code="r">2024-08-02 00:00:00</subfield>
    <subfield code="t">c. 3</subfield>
    <subfield code="w">2019-07-06</subfield>
    <subfield code="y">BK</subfield>
  </datafield>
</record>
